Loading...
| Fine Arts - Auditory Fine Arts | 4 | 15.00 | 100% | 50% | 0% |
| Fine Arts - Other Fine Arts | 3 | 10.00 | 100% | 0% | 0% |
| Fine Arts - Visual Fine Arts | 3 | 10.00 | 100% | 0% | 0% |
| History - American History | 6 | 13.33 | 100% | 33% | 0% |
| History - European History | 4 | 15.00 | 100% | 50% | 0% |
| History - Other History | 4 | 10.00 | 100% | 0% | 0% |
| History - World History | 5 | 10.00 | 80% | 20% | 0% |
| Literature - American Literature | 2 | 10.00 | 100% | 0% | 0% |
| Literature - British Literature | 6 | 10.00 | 100% | 0% | 0% |
| Literature - European Literature | 3 | 10.00 | 100% | 0% | 0% |
| Literature - World Literature | 7 | 7.14 | 71% | 0% | 0% |
| Mythology | 2 | 20.00 | 100% | 100% | 0% |
| Philosophy | 3 | 6.67 | 67% | 0% | 0% |
| Pop Culture | 2 | 15.00 | 100% | 50% | 0% |
| Popular Culture | 1 | 10.00 | 100% | 0% | 0% |
| Religion | 2 | 20.00 | 100% | 100% | 0% |
| Science - Biology | 3 | 13.33 | 100% | 33% | 0% |
| Science - Chemistry | 4 | 15.00 | 100% | 50% | 0% |
| Science - Other Science | 5 | 8.00 | 80% | 0% | 0% |
| Science - Physics | 3 | 6.67 | 67% | 0% | 0% |
| Social Science | 3 | 13.33 | 100% | 33% | 0% |